Derecho internacional del futuro: la plasticidad de los hechos y la virtualidad de la idea

Sábháilte in:
Sonraí bibleagrafaíochta
Príomhchruthaitheoir: Velasco Ibarra, J. M (Údar)
Formáid: LEABHAR
Teanga:Spáinnis
Foilsithe / Cruthaithe: Buenos Aires Americalee 1943
Eagrán:1a. ed
Ábhair:
Clibeanna: Cuir clib leis
Níl clibeanna ann, Bí ar an gcéad duine le clib a chur leis an taifead seo!

MARC

LEADER 00000cam a2200000 a 4500
001 UCC9994
003 CL-VaPUC
005 20210728001644.0
008 191129e19430000ag spa d
082 0 4 |a 341.481  |b VEL  |2 21 
100 1 |a Velasco Ibarra, J. M  |e author  |9 605311 
245 1 0 |a Derecho internacional del futuro: la plasticidad de los hechos y la virtualidad de la idea 
250 |a 1a. ed 
260 |a Buenos Aires  |b Americalee  |c 1943 
300 |a 209 p 
583 |a last modification  |c 20191129 11:37:00  |k Rodrigo Vera 
650 0 0 |a Derecho internacional  |9 255637 
942 |c BK 
945 |a dcastane  |d 20191129 11:37:00 
999 |c 376265  |d 376263 
952 |0 0  |1 0  |3 erd  |4 0  |6 341_481000000000000_VEL_1943  |7 0  |8 A  |9 495606  |a BIBDER  |b BIBDER  |e Precht Pizarro, Jorge Enrique  |i 5610915  |o 341.481 VEL 1943  |p 5610915  |r 2023-01-25  |w 2020-01-06  |y BK  |z Catalogado en:20191129  |k DER